| 000 | 00846cab a2200265 4500 | ||
|---|---|---|---|
| 001 | WB3038-13 | ||
| 008 | 090401t1994 xxu||||| |||| 00| 0 eng d | ||
| 035 | _a(Sirsi) u66565 | ||
| 041 | _aeng | ||
| 245 | _aEngland`s cathedrals | ||
| 260 | _c1994 | ||
| 350 | _a0 | ||
| 490 |
_aDaily Telegraph _v12 October 1994, 4 |
||
| 490 |
_aIndependent _v12 October 1994, 5(3) |
||
| 520 | _a"Heritage and Renewal" the report from the first commission on England`s cathedrals for 70 years, is recommending fundamental changes, particularly improvement in financial planning and management. | ||
| 650 | _aARCHBISHOPS OF CANTERBURY | ||
| 650 | _aARCHBISHOPS OF YORK | ||
| 650 | _aCATHEDRALS | ||
| 650 | _aGENERAL SYNOD | ||
| 650 | _aHERITAGE AND RENEWAL | ||
| 650 | _aLADY HOWE | ||
| 690 | _aCONSERVATION | ||
| 942 | _n0 | ||
| 948 | _c04/03/1997 | ||
| 999 |
_c41585 _d41585 |
||